Pays de films Disney - Mort Subite #2 - Statistiques

Statistiques générales
  • Ce quiz a été pris 32 fois
  • Le résultat moyen est 9 sur 18
Answers on the Grid
Answers color-coded by a green-red scale on the quiz's grid according to % correct below.
Norvège
Inde
Portugal
Chili
Mexique
Chine
Bélize
Kenya
Birmanie
Allemagne
Danemark
Qatar
Irlande
Vatican
Cambodge
Afrique du Sud
État-Unis
Pérou
Thaïlande
Haïti
Islande
France
Royaume-Uni
Colombie
Bolivie
Australie
Égypte
Colombie
Écosse
Italie
 
Statistiques - réponses
Réponse % Correct
France
89%
Chine
74%
État-Unis
74%
Mexique
74%
Royaume-Uni
70%
Italie
67%
Norvège
56%
Allemagne
52%
Inde
44%
Écosse
41%
Danemark
37%
Pérou
37%
Australie
30%
Haïti
26%
Irlande
26%
Kenya
26%
Colombie
19%
Colombie
15%
Aucun quiz correspondant
Distribution des résultats
% des personnes avec chaque résultat
Percentile par nombre de réponses
Votre historique - résultats
Vous n’avez pas pris ce quiz